000 00238 a2200121 4500
000 nam a22 7a 4500
100 _asingh y
110 _asingh y
245 _aMastering Python
260 _bt r p
264 _bt r p
942 _cBK
999 _c394950
_d394950